| 000 | 00674nam a2200181 a 4500 | ||
|---|---|---|---|
| 001 | FIB031164 | ||
| 005 | 20141211144630.0 | ||
| 008 | |||
| 020 | _a9712715744 | ||
| 050 |
_aPL 5539.B14 _b.B769 2005 |
||
| 100 | _aBrillantes, Gregorio C. | ||
| 245 | 1 | 0 |
_aChronicles of interesting times : _bessays, discourses, gems of wisdom, some laughs and other non-biodegradable articles / _cGregorio C. Brillantes. |
| 260 |
_aPasig City : _cc2005. _bAnvil Publication, Inc., |
||
| 300 |
_axiii, 234 pages : _c23 cm. |
||
| 650 | _aPhilippine essays(English) | ||
| 650 |
_aEssays _xCollected works _xHistory and criticism. |
||
| 942 |
_2lcc _cBK _kFIL |
||
| 999 |
_c276936 _d276936 |
||